LEADER 03663 am 2200829 n 450 001 9910416508303321 005 20200330 010 $a2-7226-0524-4 024 7 $a10.4000/books.cdf.8878 035 $a(CKB)4100000010771066 035 $a(FrMaCLE)OB-cdf-8878 035 $a(oapen)https://directory.doabooks.org/handle/20.500.12854/41213 035 $a(PPN)267951922 035 $a(EXLCZ)994100000010771066 100 $a20200330j|||||||| ||| 0 101 0 $afre 135 $auu||||||m|||| 181 $ctxt$2rdacontent 182 $cc$2rdamedia 183 $acr$2rdacarrier 200 10$aArchitecture et urbanisme dans la France de Vichy /$fJean-Louis Cohen 210 $aParis $cCollège de France$d2020 215 $a1 online resource (232 p.) 311 $a2-7226-0523-6 330 $aQu?en fut-il de l?architecture et de l?urbanisme sous l?Occupation ? Si les travaux sur la France de Vichy foisonnent, le champ architectural et urbain est longtemps resté ignoré. Les politiques conduites en la matière ne sauraient se mesurer à la quantité d?édifices réalisés, mais plutôt à l?ampleur des réorganisations administratives ? telle la création de l?Ordre des architectes en décembre 1940 ? ou à l?abondante production de textes et de plans. Les architectes furent-ils majoritairement collaborateurs et profiteurs de guerre, dans des contextes allant de la spoliation des biens des Juifs à la pressante reconstruction des villes détruites ? Quel rôle jouèrent des architectes comme Le Corbusier ou Auguste Perret ? Quelle place les langages architecturaux ont-ils réservé au moderne et à la tradition ? Quel enseignement dispensait-on dans les écoles ? Sans prétendre en dévoiler toutes les continuités et les ruptures, l?ouvrage pose de front la question des politiques architecturales et urbaines mises en oeuvre sous le régime de Vichy, de leurs origines et de leur héritage. 606 $aArchitecture 606 $aUrban Studies 606 $aHistory 606 $aPublic Administration 606 $arégime de Vichy 606 $aurbanisme 606 $ahistoire 606 $aarchitecture 606 $acollaboration 606 $ahistoire de l'architecture 607 $aFrance$xHistory$yGerman occupation, 1940-1945$vCongresses 610 $ahistoire de l'architecture 610 $arégime de Vichy 610 $aurbanisme 610 $ahistoire 610 $acollaboration 610 $aarchitecture 615 4$aArchitecture 615 4$aUrban Studies 615 4$aHistory 615 4$aPublic Administration 615 4$arégime de Vichy 615 4$aurbanisme 615 4$ahistoire 615 4$aarchitecture 615 4$acollaboration 615 4$ahistoire de l'architecture 700 $aBackouche$b Isabelle$01281881 701 $aBaudouï$b Rémi$01306092 701 $aBertrand Dorléac$b Laurence$01284936 701 $aBrucculeri$b Antonio$0841194 701 $aCohen$b Jean-Louis$010382 701 $aDelemontey$b Yvan$01313859 701 $aImbert$b Dorothée$01233370 701 $aLe Couédic$b Daniel$01313860 701 $aMeehan$b Tricia$01313861 701 $aMorel Journel$b Guillemette$01313862 701 $aPalant-Frapier$b Christel$01313863 701 $aSeitz$b Frédéric$01313864 701 $aVoldman$b Danièle$0738699 701 $aCohen$b Jean-Louis$010382 712 02$aColle?ge de France, 801 0$bFR-FrMaCLE 906 $aBOOK 912 $a9910416508303321 996 $aArchitecture et urbanisme dans la France de Vichy$93031480 997 $aUNINA LEADER 03669nam 22007932 450 001 9910790740803321 005 20230426191553.0 010 $a1-107-50272-1 010 $a1-139-89476-5 010 $a1-107-49972-0 010 $a1-107-50656-5 010 $a1-107-49719-1 010 $a1-107-50384-1 010 $a1-107-51695-1 010 $a1-139-64437-8 010 $a1-107-51416-9 035 $a(CKB)2550000001171936 035 $a(EBL)1543633 035 $a(SSID)ssj0001059449 035 $a(PQKBManifestationID)12426476 035 $a(PQKBTitleCode)TC0001059449 035 $a(PQKBWorkID)11081488 035 $a(PQKB)11160407 035 $a(UkCbUP)CR9781139644372 035 $a(MiAaPQ)EBC1543633 035 $a(Au-PeEL)EBL1543633 035 $a(CaPaEBR)ebr10812186 035 $a(CaONFJC)MIL552447 035 $a(OCoLC)866440886 035 $a(PPN)192274775 035 $a(EXLCZ)992550000001171936 100 $a20121205d2014|||| uy 0 101 0 $aeng 135 $aur||||||||||| 181 $ctxt$2rdacontent 182 $cc$2rdamedia 183 $acr$2rdacarrier 200 14$aThe cartographic state $emaps, territory and the origins of sovereignty /$fJordan Branch 210 1$aCambridge :$cCambridge University Press,$d2014. 215 $a1 online resource (xiv, 219 pages) $cillustrations, maps; digital, PDF file(s) 225 1 $aCambridge studies in international relations ;$v127 300 $aTitle from publisher's bibliographic system (viewed on 05 Oct 2015). 311 0 $a1-107-04096-5 311 0 $a1-306-21196-4 320 $aIncludes bibliographical references and index. 327 $aAuthority, sovereignty, and international change -- The cartographic revolution -- Mapping the territorial state -- New World mapping and colonial reflection -- Peace treaties and political transformation -- Mapping the territorialization of France -- The cartographic state today. 330 $aWhy is today's world map filled with uniform states separated by linear boundaries? The answer to this question is central to our understanding of international politics, but the question is at the same time much more complex - and more revealing - than we might first think. This book examines the important but overlooked role played by cartography itself in the development of modern states. Drawing upon evidence from the history of cartography, peace treaties and political practices, the book reveals that early modern mapping dramatically altered key ideas and practices among both rulers and subjects, leading to the implementation of linear boundaries between states and centralized territorial rule within them. In his analysis of early modern innovations in the creation, distribution and use of maps, Branch explains how the relationship between mapping and the development of modern territories shapes our understanding of international politics today. 410 0$aCambridge studies in international relations ;$v127. 606 $aCartography$xHistory 606 $aSovereignty 606 $aInternational relations 606 $aTerritory, National 606 $aBoundaries 606 $aWorld politics 615 0$aCartography$xHistory. 615 0$aSovereignty. 615 0$aInternational relations. 615 0$aTerritory, National. 615 0$aBoundaries. 615 0$aWorld politics. 676 $a320.1/5 686 $aPOL011000$2bisacsh 700 $aBranch$b Jordan$f1976-$01583902 801 0$bUkCbUP 801 1$bUkCbUP 906 $aBOOK 912 $a9910790740803321 996 $aThe cartographic state$93867388 997 $aUNINA